|
|
|
|
| LEADER |
00000cam a2200000 7i4500 |
| 001 |
0000059105 |
| 005 |
20160125.0 |
| 008 |
160125 |
| 020 |
|
|
|a 9789833860982
|
| 090 |
0 |
0 |
|a 895.1352
|b WUM
|
| 100 |
1 |
|
|a Wu Meng
|
| 245 |
1 |
0 |
|a My dream (Chinese)
|c Wu Meng
|
| 260 |
|
|
|a Selangor :
|b United Publishing House (M) Sdn. Bhd ,
|c 2013
|
| 300 |
|
|
|a 157 p. :
|b ill. col. ;
|c 20.3 cm.
|
| 650 |
|
0 |
|a Children Chinese readers
|
| 650 |
|
0 |
|a Readers
|
| 999 |
|
|
|a 0001378765
|b Book
|c Chinese Collection
|e Cawangan Bandar Penawar
|
| 999 |
|
|
|a 0001378767
|b Book
|c Chinese Collection
|e Cawangan Bandar Tenggara
|
| 999 |
|
|
|a 0001378768
|b Book
|c Chinese Collection
|e Cawangan Taman Sri Lambak
|
| 999 |
|
|
|a 0001378769
|b Book
|c Chinese Collection
|e Cawangan Muar
|
| 999 |
|
|
|a 0001378770
|b Book
|c Chinese Collection
|e Cawangan Pontian
|
| 999 |
|
|
|a 0001378771
|b Book
|c Chinese Collection
|e Cawangan Bukit Gambir
|
| 999 |
|
|
|a 0001378772
|b Book
|c Chinese Collection
|e Cawangan Mersing
|
| 999 |
|
|
|a 0001378773
|b Book
|c Chinese Collection
|e Cawangan Tmn. Ungku Tun Aminah
|
| 999 |
|
|
|a 0001378774
|b Book
|c Chinese Collection
|e Cawangan Batu Pahat
|
| 999 |
|
|
|a 0001378776
|b Book
|c Chinese Collection
|e Cawangan Segamat
|
| 999 |
|
|
|a 0001378777
|b Book
|c Chinese Collection
|e Cawangan Tangkak
|
| 999 |
|
|
|a 0001379655
|b Book
|c Chinese Collection
|e Cawangan AEON Kulaijaya
|
| 999 |
|
|
|a 0001379656
|b Book
|c Chinese Collection
|e Cawangan Urban Transformation Centre
|
| 999 |
|
|
|a 0001379657
|b Book
|c Chinese Collection
|e Cawangan AEON Kulaijaya
|